Teban Sventon detective privado / (Registro nro. 11727)

Detalles MARC
000 -LEADER
fixed length control field 00732nam a2200229 4500
003 - CONTROL NUMBER IDENTIFIER
control field DO-SdBNP
005 - DATE AND TIME OF LATEST TRANSACTION
control field 20180223102045.0
008 - FIXED-LENGTH DATA ELEMENTS--GENERAL INFORMATION
fixed length control field 161031b1963 sp||||| |||| 00| 0 spa d
040 ## - CATALOGING SOURCE
Original cataloging agency BPMSU
Language of cataloging spa
Transcribing agency BPMSU
041 ## - LANGUAGE CODE
Language code of text/sound track or separate title spa
Language code of original eng
100 ## - MAIN ENTRY--PERSONAL NAME
Personal name Holmberg, Ake
245 10 - TITLE STATEMENT
Title Teban Sventon detective privado /
Statement of responsibility, etc. Ake Holmberg ; traducción de Mariano Orta Manzano ; ilustraciones de José Correas.
260 ## - PUBLICATION, DISTRIBUTION, ETC. (IMPRINT)
Place of publication, distribution, etc. Barcelona :
Name of publisher, distributor, etc. Juventud ,
Date of publication, distribution, etc. 1963.
300 ## - PHYSICAL DESCRIPTION
Extent 126 p. :
Other physical details il. ;
Dimensions 21 cm
490 1# - SERIES STATEMENT
Series statement Teban Sventon
Volume/sequential designation 14
700 12 - ADDED ENTRY--PERSONAL NAME
Personal name Orta Manzano, Rafael,
Relator term tr.
700 12 - ADDED ENTRY--PERSONAL NAME
Personal name Correas, José,
Relator term il.
830 #0 - SERIES ADDED ENTRY--UNIFORM TITLE
Uniform title Teban Sventon
Volume number/sequential designation 14
942 ## - ADDED ENTRY ELEMENTS (KOHA)
Source of classification or shelving scheme Dewey Decimal Classification
Koha item type Libros
945 ## - LOCAL PROCESSING INFORMATION (OCLC)
a Inventariado, 2018 /LP
956 ## - LOCAL ELECTRONIC LOCATION AND ACCESS (OCLC)
Host name LOPEREZ
Access number 10
Compression information 20161031
Processor of request BPMSU
Existencias
Withdrawn status Lost status Source of classification or shelving scheme Damaged status Not for loan Collection code Home library Current library Date acquired Source of acquisition Total Checkouts Barcode Date last seen Price effective from Koha item type
    Dewey Decimal Classification     Colección Juvenil General Biblioteca Pública Metropolitana Salomé Ureña Biblioteca Pública Metropolitana Salomé Ureña 10/31/2016 Donación   BPMSU16100439 10/31/2016 10/31/2016 Libros